[Event "Indywidualne Mistrzostwa Polski Juniorow do lat 16 - Chlopcy"]
[Site "Szklarska Poreba"]
[Date "1899-12-30"]
[Round "7.23"]
[White "Derylo, Kamil"]
[Black "Czechowski, Jakub"]
[Result "0-1"]
[WhiteTitle "I"]
[BlackTitle "I"]
[WhiteElo "1783"]
[BlackElo "1865"]

1. d4 Nf6 2. c4 g6 3. Nc3 d5 4. cxd5 Nxd5 5. e4 Nxc3 6. bxc3 Bg7 7. Bc4 c5 8. Be3
Nc6 9. Ne2 O-O 10. O-O Na5 11. Bd3 c4 12. Bc2 b5 13. Qd2 Qc7 14. Rad1 e5 15. d5
Qd6 16. h3 Nb7 17. f4 f6 18. Ng3 Bh6 19. fxe5 Bxe3+ 20. Qxe3 fxe5 21. Rxf8+ Qxf8
22. Qg5 Qg7 23. Nf1 Bd7 24. Ne3 Rf8 25. Rf1 Rxf1+ 26. Kxf1 Kf7 27. Bd1 Qf6+ 28.
Qxf6+ Kxf6 29. Bg4 Ke7 30. Bxd7 Kxd7 31. Ng4 Kd6 32. Ke2 Nc5 33. Ke3 Nd7 34. a3
a5 35. Nh6 Kc5 36. Nf7 b4 37. axb4+ axb4 38. Kd2 b3 39. Kc1 Nf6 40. d6 Nd7 41.
Kd2 Kc6 42. Kc1 Nb6 43. Nxe5+ Kxd6 44. Nf3 Na4 45. Kd2 b2 46. Kc2 b1=Q+ 47. Kxb1
Nxc3+ 48. Kc2 Nxe4 49. Ng1 Ke5 50. Ne2 Nf6 51. Kc3 Nd5+ 52. Kxc4 Ne3+ 53. Kd3
Nxg2 54. Ng1 Kf4 55. Kd4 Kg3 56. Ke4 Nf4 57. h4 h5 58. Ke5 Ng2 59. Kf6 Nxh4 60.
Kg5 Nf3+ 61. Kxg6 h4 62. Ne2+ Kg4 63. Nc3 h3 64. Nd1 h2 65. Ne3+ Kh3 66. Nd1 Kg2
67. Ne3+ Kg1 0-1

[Event "Indywidualne Mistrzostwa Polski Juniorow do lat 16 - Chlopcy"]
[Site "Szklarska Poreba"]
[Date "1899-12-30"]
[Round "7.24"]
[White "Majdanski, Maksymilian"]
[Black "Jedrusik, Adam"]
[Result "1-0"]
[WhiteTitle "I"]
[BlackTitle "I"]
[WhiteElo "1686"]
[BlackElo "1693"]

1. d4 Nf6 2. c4 e6 3. Nf3 Bb4+ 4. Bd2 Qe7 5. g3 b6 6. Bg2 Bb7 7. O-O Bxd2 8. Nbxd2
O-O 9. Qc2 d6 10. e4 e5 11. a3 c5 12. d5 Ng4 13. h3 Nh6 14. g4 Kh8 15. Nh2 g5
16. Rfb1 Nd7 17. Nhf1 a6 18. Ng3 Rfc8 19. Ndf1 Nf8 20. Ne3 Ng6 21. Nef5 Nxf5 22.
Nxf5 Qd8 23. Bf1 Rc7 24. Qb3 Rb8 25. Qa4 Bc8 26. b4 Bxf5 27. exf5 Nf4 28. Qxa6
b5 29. bxc5 Rxc5 30. Rxb5 Rbxb5 31. cxb5 Rc3 32. b6 Rb3 33. Rc1 Qxb6 34. Qxb6
Rxb6 35. f6 h6 36. a4 Rb3 37. a5 Nxh3+ 38. Bxh3 Rxh3 39. Ra1 Rb3 40. a6 Rb8 41.
a7 Ra8 42. Kf1 Kh7 43. Ke2 Kg6 44. Kd3 Kxf6 45. Kc4 h5 46. gxh5 g4 47. Kb5 Kg5
48. h6 Kxh6 49. Kb6 Kg5 50. Kb7 Rxa7+ 51. Rxa7 Kf4 52. Kc6 f5 53. Kxd6 e4 54.
Ra3 1-0

[Event "Indywidualne Mistrzostwa Polski Juniorow do lat 16 - Chlopcy"]
[Site "Szklarska Poreba"]
[Date "1899-12-30"]
[Round "8.1"]
[White "Czopor, Maciej"]
[Black "Pniaczek, Marek"]
[Result "1-0"]
[WhiteTitle "k"]
[BlackTitle "CM"]
[WhiteElo "2229"]
[BlackElo "2168"]

1. e4 e5 2. Nf3 Nc6 3. Bb5 a6 4. Ba4 Nf6 5. O-O Be7 6. Re1 b5 7. Bb3 d6 8. c3 O-O
9. h3 Nb8 10. d4 Nbd7 11. c4 c6 12. Qc2 Bb7 13. Nc3 Re8 14. Bg5 Nh5 15. Bxe7 Qxe7
16. cxb5 axb5 17. d5 Rac8 18. dxc6 Bxc6 19. Qd2 Nc5 20. Rad1 Nxb3 21. axb3 Red8
22. b4 h6 23. Qe3 Qe6 24. Rd2 Nf4 25. Red1 g5 26. Nh2 Kg7 27. Nf1 Rd7 28. Ng3
Rcd8 29. Qb6 d5 30. exd5 Nxd5 31. Nxd5 Rxd5 32. Qxd8 Rxd8 33. Rxd8 Qc4 34. Nf5+
Kg6 35. Ne7+ Kh7 36. Nxc6 Qxc6 37. R8d5 Qc4 38. Rxe5 Qxb4 39. Re2 Kg6 40. g3 h5
41. Rd5 f6 42. Red2 Qc4 43. R5d4 Qb3 44. Kg2 Kf5 45. Rd5+ Ke6 46. R5d3 Qc4 47.
Re3+ Kf5 48. Rd6 g4 49. hxg4+ hxg4 50. b3 Qb4 51. Red3 Qe4+ 52. Kh2 Qe1 53. Rd2
Kg5 54. R6d4 f5 55. Kg2 Qe8 56. b4 Qa8+ 57. Kh2 Qa1 58. Rd1 Qa4 59. R1d2 Qa1 60.
Rd1 Qa4 61. Kg1 Qc2 62. Rf1 Qb2 63. Rf4 Qa2 64. Re1 Qa8 65. Rc1 Qa3 66. Rc8 Qa1+
67. Kg2 Qg7 68. Rc5 Qb7+ 69. Kg1 Qa8 70. Rcxf5+ Kg6 71. Rf8 Qa1+ 72. Kg2 Kg7 73.
Re8 Qd1 74. Ree4 Qd5 75. Rxg4+ Kh6 76. Kh2 Qd1 77. Ref4 Qf1 78. Rg8 Kh7 79. Rg5
Kh6 80. Re5 Kg6 81. Rff5 Qb1 82. Rxb5 Qb2 83. Rg5+ Kf6 84. Rbf5+ Ke6 85. b5 Ke7
86. Rh5 Ke6 87. b6 Kd6 88. Rh6+ Kd7 89. Rf7+ Ke8 90. Rhf6 1-0

[Event "Indywidualne Mistrzostwa Polski Juniorow do lat 16 - Chlopcy"]
[Site "Szklarska Poreba"]
[Date "1899-12-30"]
[Round "8.2"]
[White "Suder, Jakub"]
[Black "Mis, Mieszko"]
[Result "0-1"]
[WhiteTitle "I++"]
[BlackTitle "FM"]
[WhiteElo "1868"]
[BlackElo "2272"]

1. d4 Nf6 2. c4 c5 3. d5 e6 4. Nc3 exd5 5. cxd5 d6 6. Nf3 g6 7. Bf4 Bg7 8. Qa4+
Bd7 9. Qb3 b5 10. Bxd6 Qb6 11. Be5 O-O 12. e3 c4 13. Qd1 b4 14. Ne2 Rc8 15. Rc1
Bg4 16. Ng3 c3 17. Be2 Nbd7 18. Bd4 Qa5 19. bxc3 bxc3 20. e4 Bh6 21. Rc2 Bxf3
22. gxf3 Bd2+ 23. Kf1 Qb4 24. Be3 Bxe3 25. fxe3 h5 26. Rg1 Kh7 27. Qd4 Qb1+ 28.
Qd1 Qb6 29. Qc1 Qc5 30. Nh1 Rab8 31. Nf2 Rb2 32. Nd1 Rxc2 33. Qxc2 Ne5 34. Rg5
Qe7 35. h4 Kh6 36. Nxc3 Nh7 37. Qb2 Nxg5 38. hxg5+ Qxg5 39. f4 Qf6 40. Nd1 Ng4
41. Bxg4 Qxb2 42. Nxb2 hxg4 43. d6 Rc1+ 0-1

[Event "Indywidualne Mistrzostwa Polski Juniorow do lat 16 - Chlopcy"]
[Site "Szklarska Poreba"]
[Date "1899-12-30"]
[Round "8.3"]
[White "Teclaf, Pawel"]
[Black "Baum, Jonasz"]
[Result "1-0"]
[WhiteTitle "CM"]
[BlackTitle "FM"]
[WhiteElo "2460"]
[BlackElo "2290"]

1. e4 c5 2. Nf3 Nc6 3. d4 cxd4 4. Nxd4 g6 5. c4 Bg7 6. Be3 Nf6 7. Nc3 O-O 8. Be2
d6 9. Rc1 Nxd4 10. Bxd4 Bd7 11. Qd2 a5 12. b3 Bc6 13. f3 Nd7 14. Be3 Nc5 15. O-O
e6 16. Kh1 Be5 17. Bg5 f6 18. Be3 f5 19. Bg5 Qe8 20. exf5 gxf5 21. Nb5 Bxb5 22.
cxb5 Qg6 23. Be3 Rfd8 24. b6 Qf7 25. Rfd1 Qe7 26. Qe1 f4 27. Bg1 Bf6 28. Bc4 Re8
29. Rc2 Nd7 30. Bb5 Rec8 31. Rxc8+ Rxc8 32. Qxa5 Rc2 33. Qb4 Qg7 34. Bf1 Be5 35.
Qe4 Rc6 36. Bb5 Nc5 37. Qc4 d5 38. Rxd5 exd5 39. Qxd5+ Qf7 40. Bxc6 1-0

[Event "Indywidualne Mistrzostwa Polski Juniorow do lat 16 - Chlopcy"]
[Site "Szklarska Poreba"]
[Date "1899-12-30"]
[Round "8.4"]
[White "Trybus, Daniel"]
[Black "Fiedorek, Michal"]
[Result "0-1"]
[WhiteTitle "I+"]
[BlackTitle "k"]
[WhiteElo "1914"]
[BlackElo "2049"]

1. Nf3 Nf6 2. g3 g6 3. Bg2 Bg7 4. O-O O-O 5. d4 d6 6. Nc3 Nbd7 7. e4 e5 8. h3 c6
9. a4 exd4 10. Nxd4 Nc5 11. Re1 Re8 12. Bf4 a5 13. Qd2 Nh5 14. Bh6 Bh8 15. Rad1
Qb6 16. g4 Nf6 17. b3 Bd7 18. Nf5 Bxf5 19. exf5 Qb4 20. fxg6 hxg6 21. Rxe8+ Rxe8
22. Nb1 d5 23. Qxb4 axb4 24. Bd2 Na6 25. Bf1 c5 26. Bb5 Rd8 27. Be3 d4 28. Bf4
Nd5 29. Bg3 Nac7 30. Bc4 Ne6 31. Re1 Bf6 32. Nd2 Kf8 33. Ne4 Be7 34. Nd2 Ndf4
35. Bf1 d3 36. cxd3 Nxd3 37. Re3 Nxf2 38. Bxf2 Rxd2 39. Bc4 Nd4 40. Re4 Nc6 41.
Be3 Rd1+ 42. Kg2 Kg7 43. Bb5 Bd6 44. Bxc6 bxc6 45. Rc4 Rd3 46. Bxc5 Bxc5 47. Rxc5
Rc3 48. Re5 Rxb3 49. a5 Ra3 50. Rc5 Rc3 51. Rxc3 bxc3 52. a6 c2 53. a7 c1=Q 54.
a8=Q Qd2+ 55. Kg3 Qe3+ 56. Kg2 c5 57. Qd5 Qd4 58. Qxd4+ cxd4 59. Kf3 Kh6 60. h4
f5 61. gxf5 gxf5 62. Ke2 Kh5 63. Kd3 Kxh4 64. Kxd4 0-1

[Event "Indywidualne Mistrzostwa Polski Juniorow do lat 16 - Chlopcy"]
[Site "Szklarska Poreba"]
[Date "1899-12-30"]
[Round "8.5"]
[White "Golenia, Wojciech"]
[Black "Warchol, Bartosz"]
[Result "1-0"]
[WhiteTitle "k"]
[BlackTitle "I++"]
[WhiteElo "2179"]
[BlackElo "2033"]

1. Nf3 d5 2. c4 d4 3. b4 g6 4. Bb2 Bg7 5. e3 e5 6. c5 Be6 7. Na3 Ne7 8. Qa4+ c6
9. Bc4 Nd5 10. O-O O-O 11. Qb3 Nd7 12. exd4 e4 13. Ne1 f5 14. Nec2 f4 15. f3 N7f6
16. Rae1 Bf5 17. fxe4 Nxe4 18. Bc1 g5 19. Nb5 Kh8 20. d3 Nef6 21. Nd6 Qd7 22.
Re5 Ng4 23. Rxd5 cxd5 24. Bxd5 Ne3 25. Nxe3 Bxd4 26. Kh1 fxe3 27. Bxe3 Be5 28.
Nf7+ Rxf7 29. Bxf7 Qxd3 30. Qxd3 Bxd3 31. Rd1 Rf8 32. Rxd3 Rxf7 33. Kg1 h6 34.
a4 a6 35. Rd5 Bc3 36. b5 axb5 37. axb5 Kg7 38. c6 bxc6 39. bxc6 Rc7 40. Rd6 Bf6
41. Bb6 Rc8 42. c7 Kf7 43. Rd8 Bxd8 44. cxd8=Q Rxd8 45. Bxd8 Ke6 46. Kf2 Kf5 47.
Kf3 h5 48. Be7 h4 49. h3 Kg6 50. Ke4 1-0

[Event "Indywidualne Mistrzostwa Polski Juniorow do lat 16 - Chlopcy"]
[Site "Szklarska Poreba"]
[Date "1899-12-30"]
[Round "8.6"]
[White "Szczurek, Krzysztof"]
[Black "Bachor, Tomasz"]
[Result "1-0"]
[WhiteTitle "FM"]
[BlackTitle "I+"]
[WhiteElo "2164"]
[BlackElo "2010"]

1. d3 g6 2. g3 Bg7 3. Bg2 Nc6 4. e4 d6 5. Ne2 f5 6. Nbc3 Nf6 7. O-O e5 8. f4 Be6
9. exf5 Bxf5 10. d4 O-O 11. dxe5 dxe5 12. fxe5 Qxd1 13. Rxd1 Nxe5 14. Nd4 Bg4
15. Re1 Nc4 16. Bxb7 Rab8 17. Bg2 Nxb2 18. Nc6 Rb6 19. Be3 Ra6 20. Bc5 Re8 21.
Nd5 Bd7 22. Nce7+ Kf7 23. Nxc7 Re6 24. Rxe6 Bxe6 25. Nxe8 Kxe8 26. Nc6 Nd7 27.
Bd4 Bxd4+ 28. Nxd4 Bc4 29. a3 Nb6 30. Re1+ Kf7 31. Nc6 Bd5 32. Bxd5+ Nxd5 33.
Nxa7 Nc4 34. Nb5 Nce3 35. c3 Nf5 36. a4 Kf6 37. a5 Kg5 38. a6 Kg4 39. a7 Nb6 40.
Re6 Na8 41. Re8 Nb6 42. Rb8 Nd7 43. Rb7 Nc5 44. Rxh7 Ne6 45. a8=Q Ng5 46. Qa4+
1-0

[Event "Indywidualne Mistrzostwa Polski Juniorow do lat 16 - Chlopcy"]
[Site "Szklarska Poreba"]
[Date "1899-12-30"]
[Round "8.7"]
[White "Sanz Wawer, Daniel"]
[Black "Lichorad, Mateusz"]
[Result "1-0"]
[WhiteTitle "k"]
[BlackTitle "I"]
[WhiteElo "2146"]
[BlackElo "1752"]

1. e4 c5 2. Nf3 e6 3. d4 cxd4 4. Nxd4 Nc6 5. Nc3 Qc7 6. Be2 a6 7. O-O Nf6 8. Be3
Be7 9. f4 d6 10. Qe1 Nxd4 11. Bxd4 O-O 12. Qg3 b5 13. a3 Bb7 14. Rae1 d5 15. e5
Bc5 16. Qe3 Bxd4 17. Qxd4 Nd7 18. Bd3 Qc5 19. Ne2 g6 20. Qxc5 Nxc5 21. Nd4 Rfd8
22. Kf2 Kf8 23. Ke3 Ke7 24. g4 Nd7 25. Kd2 Rac8 26. Rf3 Rh8 27. Rh3 Nc5 28. Ree3
h6 29. f5 exf5 30. gxf5 Ne4+ 31. Ke1 Rce8 32. e6 gxf5 33. Nxf5+ Kf6 34. exf7 Ref8
35. Nxh6 Bc8 36. Ng8+ Kg7 37. Rxh8 Kxh8 38. Bxe4 dxe4 39. Ne7 Kg7 40. Nxc8 Rxc8
41. Rxe4 Rxc2 42. Rf4 Kf8 43. Rf2 Rc6 44. Kd2 Rc5 45. Kd3 a5 46. Rf4 Rd5+ 47.
Kc3 Rc5+ 48. Kb3 1-0

[Event "Indywidualne Mistrzostwa Polski Juniorow do lat 16 - Chlopcy"]
[Site "Szklarska Poreba"]
[Date "1899-12-30"]
[Round "8.8"]
[White "Piekielny, Pawel"]
[Black "Redzisz, Michal"]
[Result "1-0"]
[WhiteTitle "I++"]
[BlackTitle "k"]
[WhiteElo "2017"]
[BlackElo "2117"]

1. e4 c5 2. Nf3 e6 3. d4 cxd4 4. Nxd4 a6 5. Bd3 Qc7 6. O-O Nf6 7. Qe2 d6 8. f4
Nbd7 9. c4 Be7 10. Nc3 O-O 11. Kh1 b6 12. Bd2 Bb7 13. Rae1 Rac8 14. Nf3 g6 15.
b3 Rfe8 16. Bb1 Bf8 17. Qf2 Bg7 18. Qh4 Nf8 19. Bd3 N6d7 20. f5 b5 21. Ng5 Qd8
22. Qh3 Bxc3 23. Nxf7 Kxf7 24. fxg6+ Kg8 25. gxh7+ Kh8 26. Bxc3+ e5 27. Rf7 Re7
28. Qg4 Ne6 29. Qg8+ Qxg8 30. hxg8=Q+ Kxg8 31. Rxe7 Nec5 32. Bc2 bxc4 33. b4 Kf8
34. Rh7 Kg8 35. Rh6 Nxe4 36. Bxe4 d5 37. Bxd5+ Bxd5 38. Rd6 Bc6 39. Red1 Rc7 40.
Rxc6 Rxc6 41. Rxd7 Rf6 42. Kg1 1-0

[Event "Indywidualne Mistrzostwa Polski Juniorow do lat 16 - Chlopcy"]
[Site "Szklarska Poreba"]
[Date "1899-12-30"]
[Round "8.9"]
[White "Dixa, Oskar"]
[Black "Skurniak, Szymon"]
[Result "0-1"]
[WhiteTitle "k"]
[BlackTitle "I"]
[WhiteElo "2101"]
[BlackElo "1970"]

1. e4 d6 2. d4 Nf6 3. Nc3 e5 4. dxe5 dxe5 5. Qxd8+ Kxd8 6. Bg5 Be6 7. O-O-O Nbd7
8. f4 exf4 9. Nge2 Bd6 10. Nxf4 h6 11. Nxe6+ fxe6 12. Be3 Ke7 13. Be2 Ne5 14.
h3 a6 15. a4 c6 16. Rhf1 b5 17. Bf4 b4 18. Na2 Nfd7 19. c3 bxc3 20. Nxc3 Rhf8
21. Kc2 a5 22. g4 Nc4 23. Bxh6 Na3+ 24. bxa3 gxh6 25. h4 Bxa3 26. g5 hxg5 27.
hxg5 Rg8 28. Rh1 Rg7 29. Rh5 Rb8 30. Rb1 Rxb1 31. Nxb1 Bb4 32. Nc3 Nc5 33. Bd3
e5 34. Ne2 Ne6 35. Ng3 Rxg5 36. Nf5+ Kf6 37. Rh6+ Rg6 38. Rh8 Rg2+ 39. Kb3 Nc5+
40. Kc4 Rd2 41. Rf8+ Kg5 42. Bb1 Rb2 43. Rg8+ Kf6 44. Rg1 Rb3 45. Rc1 Rxb1 46.
Rxb1 Nxe4 47. Kd3 Nc5+ 48. Kc4 Kxf5 49. Rf1+ Ke4 50. Rf4+ Ke3 51. Rf3+ Kd2 52.
Rf2+ Kc1 53. Rf1+ Kc2 0-1

[Event "Indywidualne Mistrzostwa Polski Juniorow do lat 16 - Chlopcy"]
[Site "Szklarska Poreba"]
[Date "1899-12-30"]
[Round "8.10"]
[White "Koziorowicz, Michal"]
[Black "Niedbala, Bartlomiej"]
[Result "1-0"]
[WhiteTitle "I++"]
[BlackTitle "I++"]
[WhiteElo "1919"]
[BlackElo "2087"]

1. e4 g6 2. d4 Bg7 3. Nc3 d6 4. Be3 a6 5. Qd2 b5 6. O-O-O Nd7 7. h4 Ngf6 8. f3
Nb6 9. Bh6 Rg8 10. Bxg7 Rxg7 11. e5 Nfd5 12. Ne4 f6 13. Qh6 Kf7 14. g4 Kg8 15.
Nh3 Qf8 16. Qd2 fxe5 17. dxe5 Qxf3 18. Bg2 Qe3 19. exd6 cxd6 20. Nc3 Qxd2+ 21.
Rxd2 Nxc3 22. Bxa8 Nxa2+ 23. Kb1 Nxa8 24. Kxa2 Bxg4 25. Rd4 Bf5 26. c4 bxc4 27.
Ka3 Nb6 28. Kb4 d5 29. Kc5 e5 30. Rd2 Na4+ 31. Kb4 Nb6 32. Kc5 Na4+ 33. Kb4 Be4
34. Re1 Nb6 35. Ng5 Rb7 36. Nxe4 dxe4 37. Rxe4 Kf7 38. Ka5 Nd7 39. Rxc4 Ra7 40.
Rc6 Ke7 41. b4 Rb7 42. Rxa6 Nb8 43. Rb6 Ra7+ 44. Kb5 Nd7 45. Rc6 Rb7+ 46. Kc4
e4 47. Kc3 Ne5 48. Rc5 Ke6 49. Rd4 Kf5 50. Rdd5 Re7 51. Kd4 1-0

[Event "Indywidualne Mistrzostwa Polski Juniorow do lat 16 - Chlopcy"]
[Site "Szklarska Poreba"]
[Date "1899-12-30"]
[Round "8.11"]
[White "Kulesza, Andrzej"]
[Black "Oborski, Artur"]
[Result "1/2-1/2"]
[WhiteTitle "I+"]
[BlackTitle "I++"]
[WhiteElo "1913"]
[BlackElo "2023"]

1. e4 c5 2. Nf3 d6 3. d4 cxd4 4. Nxd4 Nf6 5. Nc3 a6 6. Bg5 e6 7. f4 Be7 8. Qf3
h6 9. Bh4 Qc7 10. Bf2 Nbd7 11. Bd3 b5 12. O-O Bb7 13. Rae1 b4 14. Nb1 Nc5 15.
Nd2 d5 16. e5 Nfe4 17. Be3 g6 18. N4b3 Nxd2 19. Bxd2 Ne4 20. Be3 h5 21. Rc1 a5
22. Nd4 Kf8 23. Bxe4 dxe4 24. Qg3 h4 25. Nxe6+ fxe6 26. Qxg6 Rg8 27. Qh6+ Ke8
28. Qxe6 Rg7 29. Kh1 Ra6 30. Qf5 Rh6 31. Qh3 Bc5 32. f5 Rg3 33. hxg3 Bxe3 34.
gxh4 Bxc1 35. Rxc1 Qxe5 36. Qg4 Kf7 37. Rd1 Qf6 38. g3 Bc6 39. Qf4 Be8 40. Kh2
Qc6 41. c3 bxc3 42. bxc3 Rf6 43. Qe5 Qc4 44. Rd2 Rc6 45. Rd8 Qe2+ 1/2-1/2

[Event "Indywidualne Mistrzostwa Polski Juniorow do lat 16 - Chlopcy"]
[Site "Szklarska Poreba"]
[Date "1899-12-30"]
[Round "8.12"]
[White "Kania, Dominik"]
[Black "Dalkowski, Rafal"]
[Result "1-0"]
[WhiteTitle "I"]
[BlackTitle "II"]
[WhiteElo "1759"]
[BlackElo "1607"]

1. e4 c6 2. d3 d5 3. Nd2 e5 4. Ngf3 Bd6 5. g3 Ne7 6. Bg2 O-O 7. O-O f5 8. c3 Kh8
9. Re1 Qc7 10. Qe2 Ng6 11. Ng5 Be7 12. Nxh7 Kxh7 13. Qh5+ Kg8 14. Qxg6 dxe4 15.
dxe4 Bc5 16. Nb3 Bb6 17. Bf1 Qf7 18. Qxf7+ Kxf7 19. exf5 Bxf5 20. Rxe5 Kg8 21.
Bc4+ Kh7 22. Rxf5 Rxf5 23. Bd3 g6 24. Bxf5 gxf5 25. Bf4 Nd7 26. Re1 Nf6 27. Re7+
Kg6 28. Be5 Ng4 29. Bd4 Bxd4 30. Nxd4 c5 31. Ne2 b5 32. f3 Kf6 33. Rb7 Ne5 34.
Rxb5 Nxf3+ 35. Kg2 Ne1+ 36. Kf2 Nd3+ 37. Ke3 c4 38. Kd4 Ne5 39. Rxe5 1-0

[Event "Indywidualne Mistrzostwa Polski Juniorow do lat 16 - Chlopcy"]
[Site "Szklarska Poreba"]
[Date "1899-12-30"]
[Round "8.13"]
[White "Golecki, Jan"]
[Black "Gorkiewicz, Mateusz"]
[Result "1/2-1/2"]
[WhiteTitle "I++"]
[BlackTitle "I"]
[WhiteElo "1995"]
[BlackElo "1990"]

1. d4 d5 2. Nc3 Nf6 3. Bf4 e6 4. Nb5 Na6 5. e3 Be7 6. Nf3 O-O 7. Bd3 b6 8. Ne5
Bb7 9. O-O c6 10. Nc3 c5 11. a3 Nb8 12. Qf3 Nbd7 13. b3 a6 14. Qh3 b5 15. Nxd7
Qxd7 16. dxc5 Bxc5 17. Be5 Ne4 18. b4 Bb6 19. Rad1 Qc8 20. Ne2 f6 21. Bd4 Bxd4
22. Nxd4 f5 23. Bxe4 dxe4 24. Qg3 Bd5 25. Nb3 Bc4 26. Rfe1 Bxb3 27. cxb3 Qc3 28.
h3 Rf7 29. Re2 Qxb3 30. Red2 Qc3 31. Qd6 Qc8 32. Qb6 Qc4 33. Rd4 Qb3 34. Qc6 Raf8
35. Rd7 h6 36. Qd6 Rxd7 37. Qxd7 f4 38. exf4 Rxf4 39. Qd6 e3 40. fxe3 Qxe3+ 41.
Kh2 Rf2 42. Qxa6 Qe5+ 43. Kh1 Ra2 44. Qa8+ Kh7 45. Qf3 Qe2 46. Qxe2 Rxe2 47. Rd6
Kg6 48. Rb6 Re5 49. Kg1 Kf5 50. Kf2 h5 51. a4 bxa4 52. Ra6 Rb5 53. Rxa4 Kf4 54.
Ra5 Rxb4 55. Rxh5 Rb2+ 56. Kf1 e5 57. Rh7 Ke3 58. g4 g5 59. Rg7 Kf4 60. Rf7+ Kg3
61. Rf5 Kxh3 62. Rxg5 e4 63. Re5 Kxg4 64. Rxe4+ 1/2-1/2

[Event "Indywidualne Mistrzostwa Polski Juniorow do lat 16 - Chlopcy"]
[Site "Szklarska Poreba"]
[Date "1899-12-30"]
[Round "8.14"]
[White "Mike, Patryk"]
[Black "Cisek, Kamil"]
[Result "1-0"]
[WhiteTitle "I+"]
[BlackTitle "I"]
[WhiteElo "1942"]
[BlackElo "1766"]

1. e4 e5 2. Nf3 Nc6 3. Bb5 a6 4. Ba4 Nf6 5. O-O Be7 6. Re1 b5 7. Bb3 d6 8. c3 O-O
9. h3 Nb8 10. d4 Nbd7 11. Nbd2 Bb7 12. Bc2 Re8 13. Nf1 Bf8 14. Ng3 g6 15. a4 c5
16. d5 c4 17. Bg5 Be7 18. Nh2 Nc5 19. Be3 Qc7 20. Ng4 Nxg4 21. hxg4 f6 22. f3
Bf8 23. Kf2 Re7 24. Rh1 Rf7 25. Ke2 Rb8 26. Qd2 bxa4 27. Bxc5 Qxc5 28. Bxa4 Bc8
29. Bc6 Bb7 30. Ba4 Bc8 31. Ra2 a5 32. Qe3 Qxe3+ 33. Kxe3 Rfb7 34. Rb1 Be7 35.
Kd2 Bd8 36. Kc2 Bd7 37. Nf1 Rc8 38. Nd2 Bb6 39. b3 cxb3+ 40. Rxb3 Bxa4 41. Rxa4
Rcb8 42. Nc4 Bc7 43. Nxa5 Rxb3 44. Nxb3 Rb7 45. c4 Bb8 46. Kc3 Ba7 47. Ra6 Rd7
48. c5 dxc5 49. Rxf6 Kg7 50. Re6 1-0

[Event "Indywidualne Mistrzostwa Polski Juniorow do lat 16 - Chlopcy"]
[Site "Szklarska Poreba"]
[Date "1899-12-30"]
[Round "8.15"]
[White "Paprocki, Stanislaw"]
[Black "Strzelecki, Maciej"]
[Result "0-1"]
[WhiteTitle "I"]
[BlackTitle "k"]
[WhiteElo "1824"]
[BlackElo "2032"]

1. e4 e5 2. Bc4 Nf6 3. Nc3 Nxe4 4. Bxf7+ Kxf7 5. Nxe4 d5 6. Qh5+ g6 7. Qxe5 Bh6
8. d3 Re8 9. Qg3 Bxc1 10. Rxc1 dxe4 11. dxe4 Rxe4+ 12. Ne2 Qe7 0-1

[Event "Indywidualne Mistrzostwa Polski Juniorow do lat 16 - Chlopcy"]
[Site "Szklarska Poreba"]
[Date "1899-12-30"]
[Round "8.16"]
[White "Ossolinski, Ziemowit"]
[Black "Kopec, Norbert"]
[Result "0-1"]
[WhiteTitle "I+"]
[BlackTitle "I"]
[WhiteElo "1946"]
[BlackElo "1826"]

1. e4 c5 2. Nf3 d6 3. Bb5+ Nd7 4. c3 Ngf6 5. Qe2 a6 6. Ba4 b5 7. Bc2 Ne5 8. a4
Bd7 9. Nxe5 dxe5 10. axb5 axb5 11. Rxa8 Qxa8 12. O-O e6 13. Na3 Qb7 14. b3 Bd6
15. Bd3 b4 16. cxb4 Qxb4 17. Nc4 Qb8 18. Bb2 Bc7 19. Bc3 O-O 20. h3 Bc6 21. Bc2
Nd7 22. f4 exf4 23. e5 f3 24. gxf3 Qd8 25. Rf2 Qh4 26. Rg2 Qxh3 27. Rh2 Qg3+ 28.
Kf1 g6 29. Rf2 Nb6 30. Ne3 Ra8 31. Ng4 Qh3+ 32. Ke1 Nd5 33. Nf6+ Nxf6 34. exf6
Bg3 35. d4 Qh1+ 36. Kd2 Bf4+ 0-1

[Event "Indywidualne Mistrzostwa Polski Juniorow do lat 16 - Chlopcy"]
[Site "Szklarska Poreba"]
[Date "1899-12-30"]
[Round "8.17"]
[White "Jankowski, Igor"]
[Black "Panek, Bartosz"]
[Result "0-1"]
[WhiteTitle "II+"]
[BlackTitle "I"]
[WhiteElo "1503"]
[BlackElo "1946"]

1. d4 Nf6 2. Bg5 d5 3. Bxf6 gxf6 4. e3 Bf5 5. Bd3 Qd7 6. Ne2 h5 7. O-O h4 8. c4
dxc4 9. Bxc4 Nc6 10. Nbc3 a6 11. Rc1 Rg8 12. Kh1 e6 13. e4 Bg4 14. f3 Bh5 15.
d5 Ne5 16. Bb3 Bh6 17. f4 Ng6 18. Qc2 e5 19. d6 c6 20. Na4 Qg4 21. Qc4 Nxf4 22.
Nxf4 Bxf4 23. Rc2 h3 24. g3 Be3 25. Rcf2 Bxf2 26. Rxf2 Bg6 27. Nc5 Rd8 28. Rxf6
Rg7 29. d7+ Rxd7 30. Nxd7 Qxe4+ 31. Qxe4 Bxe4+ 32. Kg1 Kxd7 33. Rxf7+ Rxf7 34.
Bxf7 Bd5 35. Bg6 Bxa2 36. Kf2 Bd5 37. g4 Ke7 38. g5 a5 39. Kg3 Be6 40. Kh4 Kf8
41. Be4 Bd7 42. Kh5 Kg7 43. Kh4 b5 44. Kg3 c5 45. Kf2 b4 46. Ke3 Be6 47. Bb1 Bf7
48. Bf5 a4 49. Kd2 a3 50. bxa3 bxa3 51. Kc3 c4 52. Bb1 Bg6 53. Ba2 Bd3 0-1

[Event "Indywidualne Mistrzostwa Polski Juniorow do lat 16 - Chlopcy"]
[Site "Szklarska Poreba"]
[Date "1899-12-30"]
[Round "8.18"]
[White "Maciejewski, Kamil"]
[Black "Bojczewski, Mateusz"]
[Result "1-0"]
[WhiteTitle "I"]
[BlackTitle "I+"]
[WhiteElo "1930"]
[BlackElo "1751"]

1. Nf3 d5 2. g3 Nf6 3. Bg2 c6 4. O-O e6 5. d3 b6 6. Nbd2 Be7 7. e4 dxe4 8. dxe4
O-O 9. e5 Nfd7 10. Re1 Bb7 11. Nf1 c5 12. h4 Nc6 13. Bf4 Qc7 14. N1h2 Rfd8 15.
Qc1 Rac8 16. h5 Kh8 17. h6 g6 18. Bg5 Rf8 19. Ng4 Qd8 20. Qf4 Bxg5 21. Nxg5 Qe7
22. Rad1 Rcd8 23. Rd3 Ba8 24. c3 b5 25. Red1 Nb6 26. Rxd8 Nxd8 27. Bxa8 Nxa8 28.
Rd7 Qe8 29. Qf6+ 1-0

[Event "Indywidualne Mistrzostwa Polski Juniorow do lat 16 - Chlopcy"]
[Site "Szklarska Poreba"]
[Date "1899-12-30"]
[Round "8.19"]
[White "Czechowski, Jakub"]
[Black "Distel, Pawel"]
[Result "1-0"]
[WhiteTitle "I"]
[BlackTitle "I"]
[WhiteElo "1865"]
[BlackElo "1751"]

1. d4 Nf6 2. c4 c5 3. d5 e5 4. Nc3 d6 5. e4 Nbd7 6. Nf3 Be7 7. Be2 a6 8. O-O O-O
9. Ne1 Ne8 10. Qd2 g6 11. Nd3 f5 12. f4 exf4 13. exf5 g5 14. g3 fxg3 15. hxg3
Bf6 16. Ne4 Bd4+ 17. Kg2 h6 18. Rh1 Bg7 19. Ndf2 Ne5 20. g4 Nf7 21. Qc2 Bd7 22.
Bd2 Nf6 23. Nxf6+ Bxf6 24. Ne4 Be5 25. Raf1 Be8 26. f6 Nh8 27. Rxh6 Bg6 28. Rfh1
1-0

[Event "Indywidualne Mistrzostwa Polski Juniorow do lat 16 - Chlopcy"]
[Site "Szklarska Poreba"]
[Date "1899-12-30"]
[Round "8.20"]
[White "Zabron, Maksym"]
[Black "Bujalski, Mateusz"]
[Result "1-0"]
[WhiteTitle "I"]
[BlackTitle "I"]
[WhiteElo "1678"]
[BlackElo "1658"]

1. d4 d5 2. c4 c6 3. cxd5 cxd5 4. Nc3 Nc6 5. Bf4 e5 6. dxe5 d4 7. Ne4 Qa5+ 8. Nd2
Qb4 9. Qb3 Be6 10. Qxb4 Nxb4 11. Rc1 Bxa2 12. Ngf3 Rd8 13. Ne4 Bd5 14. Nd6+ Bxd6
15. exd6 Bxf3 16. exf3 Nf6 17. Bb5+ Nd7 18. O-O O-O 19. Rfd1 Nb6 20. Rxd4 N4d5
21. Bg3 Rc8 22. Rcd1 Rc5 23. Bd3 f5 24. Bb1 Nf6 25. d7 Rd8 26. Bd6 Rc6 27. Bxf5
Kf7 28. Kf1 g6 29. Bh3 Nc4 30. Bb4 a5 31. Bc3 b5 32. Rxc4 Rxc4 33. Bxa5 Ke7 34.
Re1+ 1-0

[Event "Indywidualne Mistrzostwa Polski Juniorow do lat 16 - Chlopcy"]
[Site "Szklarska Poreba"]
[Date "1899-12-30"]
[Round "8.21"]
[White "Kozlowski, Michal"]
[Black "Chaczynski, Kamil"]
[Result "1/2-1/2"]
[WhiteTitle "I+"]
[BlackTitle "I"]
[WhiteElo "1826"]
[BlackElo "1773"]

1. e4 e6 2. d4 d5 3. exd5 exd5 4. Bd3 c5 5. c3 Nf6 6. Ne2 Bd6 7. Bf4 O-O 8. Bxd6
Qxd6 9. dxc5 Qxc5 10. Nd2 Nc6 11. O-O Re8 12. Nb3 Qd6 13. Ng3 Ne5 14. Re1 Bg4
15. Qc2 Nxd3 16. Qxd3 Re5 17. Rxe5 Qxe5 18. Qd4 Qe7 19. h3 Bd7 20. Nc5 b6 21.
Nd3 Qd6 22. Rd1 Re8 23. Nf4 Be6 24. c4 Qb4 25. Ngh5 Nxh5 26. Nxh5 f6 27. cxd5
Qxd4 28. Rxd4 Bf7 29. Ng3 Rd8 30. Nf5 Kf8 31. Ne3 Ke7 32. Kf1 Kd6 33. Ke2 Ke5
34. Ra4 Rd7 35. f4+ Kd6 36. Rd4 Kc5 37. Rc4+ Kd6 38. Rd4 Kc5 39. Rc4+ Kd6 40.
Rd4 Kc5 1/2-1/2